|
|
|
|
| LEADER |
02720nam a22003618i 4500 |
| 001 |
39025 |
| 003 |
BD-DhAAL |
| 005 |
20220627110552.0 |
| 008 |
220627t2021 nyu b 001 0 eng d |
| 999 |
|
|
|c 44097
|d 44097
|
| 010 |
|
|
|a 2021025790
|
| 020 |
|
|
|a 9780241585184
|
| 020 |
|
|
|a 9780374157357
|
| 040 |
|
|
|a DLC
|b eng
|e rda
|c DLC
|d BD-DhAAL
|
| 042 |
|
|
|a pcc
|
| 050 |
0 |
0 |
|a CB19
|b .G69 2021
|
| 082 |
0 |
0 |
|a 901
|2 23
|
| 100 |
1 |
|
|a Graeber, David,
|e author.
|9 49705
|
| 245 |
1 |
4 |
|a The dawn of everything :
|b a new history of humanity /
|c David Graeber and David Wengrow.
|
| 264 |
|
1 |
|a London :
|b Allen Lane,
|c 2021.
|
| 300 |
|
|
|a xii, 691 pages :
|b illustrations, maps ;
|c 23 cm.
|
| 504 |
|
|
|a Includes bibliographical references and index.
|
| 505 |
0 |
|
|a Farewell to humanity's childhood, Or, why this is not a book about the origins of inequality -- Wicked liberty: The indigenous critique and the myth of progress -- Unfreezing the Ice Age: In and out of chains: the protean possibilities of human politics -- Free people, the origin of cultures, and the advent of private property (not necessarily in that order) -- Many seasons ago: Why Canadian foragers kept slaves and their Californian neighbours didn't; or, the problem with 'modes of production' -- Gardens of Adonis: The revolution that never happened: how Neolithic peoples avoided agriculture -- The ecology of freedom: How farming first hopped, stumbled and bluffed its way around the world -- Imaginary cities: Eurasia's first urbanites - in Mesopotamia, the Indus Valley, Ukraine and China - and how they built cities without kings -- Hiding in plain sight: The indigenous origins of public housing and democracy in the Americas -- Why the state has no origin: The humble beginnings of sovereignty, bureaucracy, and politics -- Full circle: On the historical foundations of the indigenous critique -- Conclusion: The dawn of everything.
|
| 520 |
|
|
|a "A trailblazing account of human history, challenging our most fundamental assumptions about social evolution-from the development of agriculture and cities to the emergence of "the state," political violence, and social inequality-and revealing new possibilities for human emancipation"--
|
| 526 |
|
|
|a ESS
|
| 541 |
|
|
|a Book Finder International
|e 39025
|
| 650 |
|
0 |
|a Civilization
|x Philosophy.
|9 49706
|
| 650 |
|
0 |
|a Social history.
|9 49707
|
| 650 |
|
0 |
|a World history.
|9 49708
|
| 700 |
1 |
|
|a Wengrow, D.,
|e author.
|9 49709
|
| 852 |
|
|
|a Ayesha Abed Library
|c General Stacks
|
| 942 |
|
|
|2 ddc
|c BK
|
| 952 |
|
|
|0 0
|1 0
|2 ddc
|4 0
|6 901_000000000000000_GRA
|7 0
|9 71091
|a BRACUL
|b BRACUL
|c GEN
|d 2022-06-23
|e Book Finder International
|g 1588.83
|l 2
|m 35
|o 901 GRA
|p 3010039025
|q 2026-04-19
|r 2026-02-18
|s 2026-02-18
|t 1
|v 1588.83
|w 2022-06-23
|y BK
|